| 000 | 00417 a2200157 4500 | ||
|---|---|---|---|
| 005 | 20250414063536.0 | ||
| 020 | _a0-07-04-2253-2 | ||
| 082 | _a657 MEI | ||
| 100 | _aMEIGS, R.F. | ||
| 245 | _aAccounting: The Basis for Business Decisions. | ||
| 250 | _a8th Ed. | ||
| 260 |
_aNew York, _bMcgraw-Hill Inc, _c1990. |
||
| 300 |
_axv,219p.: Ill.; figures & table _bIndex _c25cm. |
||
| 700 | _aMEIGS,W.B. | ||
| 942 |
_2ddc _cBKS |
||
| 999 |
_c1348 _d1348 |
||